[Event "HUN-chT2 Toth 0708"]
[Site "Hungary"]
[Date "2007.12.16"]
[Round "5"]
[White "Sipos, Kalman"]
[Black "Krizsany, Laszlo Sr"]
[Result "0-1"]
[WhiteElo "1938"]
[BlackElo "2264"]
[PlyCount "130"]
[EventDate "2007.10.14"]
[EventType "team"]
[EventRounds "11"]
[EventCountry "HUN"]
[SourceTitle "EXT 2009"]
[Source "ChessBase"]
[SourceDate "2008.11.26"]
[SourceVersion "1"]
[SourceVersionDate "2008.11.26"]
[SourceQuality "1"]
[WhiteTeam "Roszke"]
[BlackTeam "Takisz"]
[WhiteTeamCountry "HUN"]
[BlackTeamCountry "HUN"]

1. e4 e6 2. d4 d5 3. e5 c5 4. c3 Nc6 5. Nf3 Qb6 6. Bd3 Bd7 7. Bc2 Rc8 8. 0-0 Be7 9. a4 cxd4 10. cxd4 f5 11. Nc3 Bb4 12. Nb5 a6 13. Nc3 Nge7 14. Ne2 0-0 15. Be3 Ng6 16. Nf4 Be7 17. Qd2 Na5 18. b3 Bb4 19. Qe2 Rc3 20. Rfb1 Rfc8 21. Bd1 R3c7 22. h3 Nc6 23. Nd3 Bc3 24. Ra2 Nxd4 25. Nxd4 Bxd4 26. Bxd4 Qxd4 27. Bc2 f4 28. Re1 Rf8 29. Kh2 f3 30. Qe3 Qxe3 31. Rxe3 fxg2 32. Kxg2 Bc6 33. Kg1 Nh4 34. Ne1 Rcf7 35. Bd3 Nf5 36. Bxf5 Rxf5 37. Rd2 b5 38. axb5 Bxb5 39. Rc2 Rg5+ 40. Ng2 d4 41. Re1 d3 42. Rd2 Rff5 43. Rc1 Rxe5 44. f4 Rc5 45. Re1 Rg6 46. Kf2 Rf6 47. Re4 g5 48. Ke3 Rc2 49. Rxc2 dxc2 50. Kd2 Bd3 51. Rd4 Bg6 52. Rc4 gxf4 53. Nxf4 Bf5 54. Ke3 Rf8 55. Kd2 Rd8+ 56. Ke3 Rd1 57. Ne2 Bd3 58. Rc8+ Kf7 59. Rc7+ Kf6 60. Nc1 Bg6 61. Ne2 Rd3+ 62. Kf2 Rxb3 63. Nd4 Rxh3 64. Kg2 Rd3 65. Nf3 Rd1 0-1

[Event "HUN-chT2 Toth 0708"]
[Site "Hungary"]
[Date "2007.11.25"]
[Round "3"]
[White "Csuri, Mate"]
[Black "Sipos, Kalman"]
[Result "1/2-1/2"]
[WhiteElo "2081"]
[BlackElo "1938"]
[PlyCount "93"]
[EventDate "2007.10.14"]
[EventType "team"]
[EventRounds "11"]
[EventCountry "HUN"]
[SourceTitle "EXT 2009"]
[Source "ChessBase"]
[SourceDate "2008.11.26"]
[SourceVersion "1"]
[SourceVersionDate "2008.11.26"]
[SourceQuality "1"]
[WhiteTeam "Vasarhelyi"]
[BlackTeam "Roszke"]
[WhiteTeamCountry "HUN"]
[BlackTeamCountry "HUN"]

1. e4 c5 2. c4 d6 3. Nc3 Nf6 4. g3 Nc6 5. Bg2 g6 6. Nge2 Bg7 7. d3 0-0 8. 0-0 a6 9. h3 e6 10. Be3 Kh8 11. Qd2 Ng8 12. d4 cxd4 13. Nxd4 Qc7 14. f4 Nxd4 15. Bxd4 Qxc4 16. Bxg7+ Kxg7 17. Qxd6 Qc6 18. Qd4+ e5 19. Qxe5+ f6 20. Qd4 Be6 21. f5 Rad8 22. Qe3 Bc4 23. Rfd1 Rxd1+ 24. Rxd1 Qc7 25. fxg6 hxg6 26. Nd5 Qe5 27. Nb6 Be6 28. Nd7 Bxd7 29. Rxd7+ Rf7 30. Rxf7+ Kxf7 31. Qb3+ Kf8 32. Qxb7 Qxg3 33. Qb4+ Kg7 34. Qc3 Qf4 35. b4 Nh6 36. Qd3 Qc1+ 37. Bf1 Nf7 38. a4 Ne5 39. Qb3 Qe1 40. Qa3 Qxe4 41. Bxa6 Nf3+ 42. Kf2 Nd4 43. Qd3 Qf4+ 44. Kg2 Qg5+ 45. Kh2 Qf4+ 46. Kh1 Qc1+ 47. Kg2 1/2-1/2